000 00898nam a2200289 a 4500
003 AR-BaBNM
005 20251128202848.0
008 082120s2002 ||||||||||||||000 | spa||
040 _cAR-BaBNM
100 1 _aGarabato, María Marta
245 0 0 _aEl estatuto del docente actualizado y comentado
_n2
250 _a1ª ed.
260 _aBuenos Aires
_bNorte
_c1965
300 _ap. irreg.
500 _aContiene la información jurídica relativa al ingreso a la docencia
500 _aEsta 1a ed. está actualizada al 30 de septiembre de 1964
650 4 _aORGANIZACION DE LA EDUCACION
650 4 _aCONDICIONES DE TRABAJO DEL DOCENTE
650 4 _aRESPONSABILIDAD DEL DOCENTE
650 4 _aPRACTICA DOCENTE
650 4 _aPERFIL PROFESIONAL DEL DOCENTE
651 4 _aArgentina
653 _aESTATUTO DEL DOCENTE
653 _aLEGISLACION EDUCATIVA
942 _cBK
998 _cSILVI
999 _c936
_d936